000 01485nam0a22003251 4500
001 rc\4462338
005 20250611181058.0
021 _aRU
_bРг2033-68
021 _aRU
_b68-9428
035 _a(NLR Aleph) 008325861
090 _a8786000
_c8786000
100 _a20130416d1967 |||y0rusy50 ca
101 0 _arus
102 _aRU
105 _aa i |||||
200 1 _aИсследование кинетики и контроль ядерных реакторов статистическими методами
210 _aМосква
_cАтомиздат
_d1967
215 _a14 с.
_cил.
_d28
225 1 _aГосударственный комитет по использованию атомной энергии СССР. Доклады третьей Международной конференции по мирному использованию атомной энергии. Женева, сентябрь 1964 г.
300 _aПеред загл. авт.: Й. Курода, Ш. Амада, Т. Номура [и др.]
300 _aОтпеч. множит. аппаратом
701 1 _aАмада
_bШ.
701 1 _aКурода
_bЙ.
701 1 _aНомура
_bТ.
712 0 2 _aМеждународная конференция по мирному использованию атомной энергии (3; 1964; Женева)
801 0 _aRU
_bNLR
_gpsbo
801 1 _aRU
_bELAR
_2rusmarc
852 _aNLR
_j68-8/379
942 _cBOOK
980 _aNB